Normal view
MARC view
Entry Nome pessoal
001 - NÚMERO DE CONTROLE
- campo de controle: 169
003 - IDENTIFICADOR DO NÚMERO DE CONTROLE
- campo de controle: Br
005 - DATA E HORÁRIO DA ÚLTIMA TRANSAÇÃO
- campo de controle: 20250123081143.0
008 - CAMPO DE DADOS FIXOS
- campo de controle de tamanho fixo: 990625|| acnnnaab| aaaa d
035 ## - NÚMERO DE CONTROLE DO SISTEMA
- Número de Controle do Sistema: 99062514364005042
040 ## - FONTE DA CATALOGAÇÃO
- Instituição da catalogação original: Br
- Instituição que transcreveu o registro: Br
- Convenções de cabeçalho de assunto/tesauros: Br
100 10 - CABEÇALHO--NOME PESSOAL
- Nome pessoal: Bradley, Marion Zimmer,
- Datas associadas ao nome: 1930-1999
670 ## - FONTE POSITIVA DOS DADOS
- Citação da fonte positiva dos dados: Autora de: As brumas de Avalon. 1985.
670 ## - FONTE POSITIVA DOS DADOS
- Citação da fonte positiva dos dados: http://authorities.loc.gov 5/3/10
- Dados encontrados na fonte localizada no subcampo: (D.)
670 ## - FONTE POSITIVA DOS DADOS
- Citação da fonte positiva dos dados: http://en.wikipedia.org/wiki/Marion_Zimmer_Bradley
- Dados encontrados na fonte localizada no subcampo: (Marion Eleanor Zimmer Bradley nasceu no dia 3 de junho de 1930 e faleceu no dia 25 de setembro de 1999, foi uma escritora norte-americana)